Big Nate Trivia - Statistics

General Stats
  • This quiz has been taken 162 times
  • The average score is 5 of 15
Answer Stats
Hint Answer % Correct
Nate's favourite food Cheez Doodles
75%
Randy's surname Betancourt
68%
Name of Nate's band Enslave the Mollusk
68%
Name of Fleeceball trophy Spoffy
51%
Nate's position in the soccer team Goalkeeper
49%
Amount of orders for 'Warm Fuzzies' Nate gets on his first day 5
42%
Drawing of Arturs that gets put in the art spotlight in the noticeboard 'Old Shoe'
39%
Artur's surname Pashkov
38%
Name of banned trading card Dee Dee discovers Snotty Scotty
27%
ABB stands for in the fifth novel Anybody But Blonsky
26%
Name of Nate's comic he sells to raise money for Timber Scouts Nate's Comix Crack-Up
20%
Winner of third prize in the Scout's jamboree Josh Husky
15%
'Mystery Columnist' in Poor Nates Almanac Ethan R Twig
14%
Bottom sign on Uncle Pedro's totem pole Landscaping
6%
Name of shop assistant who uses the intercom in the third novel Carol
3%
No matching quizzes found
Score Distribution
Percent of People with Each Score
Percentile by Number Answered
Your Score History
You have not taken this quiz